| 000 | 00479nam a2200121Ia 4500 | ||
|---|---|---|---|
| 008 | 171212s9999 xx 000 0 und d | ||
| 100 | _aKing, Rob | ||
| 245 |
_cKing, Rob _aHokum! _bThe Early Sound Slapstick Short and Depression-Era Mass Culture |
||
| 260 |
_bUniversity of California Press _c2017 |
||
| 650 | _aComedy films -- History and criticism; Comedy films -- United States -- 20th century | ||
| 650 | _aFilm Studies | ||
| 856 | _uhttp://jstor.org/stable/10.1525/j.ctt1pq348z | ||
| 999 |
_c352969 _d352969 |
||